000 00796nam a22002777a 4500
003 CHAP
005 20220329140822.0
008 971013s1968 r 00010 d
010 _a58108
011 _a59080
035 _a63237
040 _cCHAP
082 _a634.9
_bS86 1968
100 0 0 _aStoddard, Charles Hatch.
_9109841
245 _aEssentials of forest practice
250 _a2 ed.
260 _aNew York :
_bRonald Press,
_c1968
300 _a362 p.
_b: ilus. ; mapas
590 _aBATCH-UPD
_b10
_c20130109
_lUCH01
_h2358
590 _aBATCH-UPD
_b10
_c20130110
_lUCH01
_h1400
590 _aCONVERSION
_b10
_c20130109
_lUCH01
_h1331
650 1 4 _aBosques.
_914002
901 _aBK
942 _cLIBRO
949 _a634.9 S86 1968
_bBC
_cLIBRO
_d33724000221651
_eLIBRO
_h39660
_i63237
_mD
_si
999 _c58108
_d58108